000 00702nam a2200241Ia 4500
005 20260430150351.0
008 008 250103s9999 xx 000 0 eng d
037 _aTheses
040 _aCRL
040 _beng
040 _ceng
041 _2eng
041 _aeng
084 _qCRL
100 _aKamble Jaya Bhanudas Au.; Bhatt Sanjai Gu.
_91237278
245 0 _aImpact of Farmers Suicides on Socio-Economic Conditions of Victim Households: A Study in the States of Maharashtra and Punjab
260 _c2023
300 _a243p.
650 _aSocial Work
700 _aUniversity of Delhi. Faculty of Social Sciences. Deptt. of Social Work
942 _cTH
999 _c1849615
_d1849615